| 000 | 00412nam a2200157Ia 4500 | ||
|---|---|---|---|
| 008 | 160316s1997 xxu||||| |||| 00| 0 eng d | ||
| 082 |
_a320.954000 _bKHI |
||
| 100 | _aKhilnani Sunil | ||
| 245 | _aThe idea of India | ||
| 250 | _a | ||
| 260 |
_aLondon _bHamish Hamilton Press _c1997 |
||
| 300 |
_a263p _b _c |
||
| 365 | _bRs.195/- | ||
| 650 | _a1. Political Situation - India - Political History | ||
| 700 |
_a _a |
||
| 999 |
_c11383 _d11383 |
||